Detroit Lions all-time stat leaders - Statistics

General Stats
  • This quiz has been taken 75 times
  • The average score is 8 of 10
Answer Stats
Stat # Player % Correct
Receptions 731 Calvin Johnson
100%
Receiving yards 11,619 Calvin Johnson
100%
Receiving TDs 83 Calvin Johnson
100%
Rushing yards 15,269 Barry Sanders
98%
Rushing TDs 99 Barry Sanders
98%
Passing yards 45,109 Matthew Stafford
97%
Passing TDs 282 Matthew Stafford
97%
Tackles 1,138 Chris Spielman
23%
Sacks 95.5 Robert Porcher
21%
Interceptions 62 Dick LeBeau
20%
No matching quizzes found
Score Distribution
Percent of People with Each Score
Percentile by Number Answered
Your Score History
You have not taken this quiz